000 00247nam a22001217a 4500
008 181019b xxu||||| |||| 00| 0 eng d
041 _aeng
080 _a316
100 _a50
101 _aSOC
245 _aSOC
_cBenokratis.N.V
942 _2udc
_cBK
999 _c50223
_d50223